| 000 | 00720 a2200253 4500 | ||
|---|---|---|---|
| 003 | CBULib | ||
| 005 | 20260121133240.0 | ||
| 008 | 260121b |||||||| |||| 00| 0 eng d | ||
| 020 | _a9781509890088 | ||
| 040 |
_bEnglish _cCBULib _erda |
||
| 041 | _aeng | ||
| 050 | _aE 901.1 Bid | ||
| 100 | _aBiden, Joe | ||
| 245 |
_aPromise me, dad : a year of hope, hardship, and purpose _c/ by Joe Biden |
||
| 260 |
_bMacmillan, _c2017 _aNew York : |
||
| 300 | _a290 pages | ||
| 336 |
_2rdacontent _aText | _btxt |
||
| 337 |
_2rdamedia _aUnmediated | _bn |
||
| 338 |
_2rdacarrier _aVolume _bnc |
||
| 650 | 0 |
_aVICE PRESIDENTS _95190 |
|
| 650 | 0 |
_aUNITED STATES _9339 |
|
| 650 | 0 |
_aFATHERS AND SONS _95191 |
|
| 942 |
_2lcc _c002 |
||
| 999 |
_c86602 _d86602 |
||